Nutrient dynamics in a mangrove creek /
Saved in:
| 主要作者: | |
|---|---|
| 格式: | Thesis 图书 |
| 语言: | English |
| 出版: |
1983.
|
| 主题: | |
| 标签: |
添加标签
没有标签, 成为第一个标记此记录!
|
| LEADER | 01014cam a2200289 4500 | ||
|---|---|---|---|
| 001 | u34711 | ||
| 003 | SIRSI | ||
| 008 | 841015s1983 my bt 00 eng | ||
| 035 | |a AAD-7390 | ||
| 040 | |a UMM | ||
| 043 | |a a-my-se | ||
| 050 | |a QH541.5.M27 | ||
| 090 | |a QH541.5 |b M27Tho | ||
| 091 | |a Microfiche 8989 | ||
| 100 | 1 | 0 | |a Thong, Kwai Lin. |
| 245 | 1 | 0 | |a Nutrient dynamics in a mangrove creek / |c Thong Kwai Lin. |
| 260 | |c 1983. | ||
| 300 | |a xi, 85[21] leaves : |b ill. ; |c 30 cm. | ||
| 500 | |a Photocopy. | ||
| 500 | |a Also available on microfiche. Kuala Lumpur : Perpustakaan Universiti Malaya, 1984. 2 microfiches : negative ; 11 x 15 cm. | ||
| 502 | |a Dissertation (M.Sc.) -- Fakulti Sains, Universiti Malaya, 1983. | ||
| 504 | |a Bibliography : leaves. | ||
| 650 | 0 | |a Mangrove swamp ecology |z Selangor |z Sungei Sementa Besar. | |
| 650 | 0 | |a Biogeochemical cycles. | |
| 948 | |a 16/03/1991 |b 14/06/2002 | ||
| 596 | |a 1 | ||
| 999 | |a QH541.5 M27THO |w LC |c 1 |i A002576163 |d 3/8/2000 |l STACKS |m P01UTAMA |n 2 |r Y |s Y |t TESIS |u 10/1/1992 | ||
